书目信息 |
| 题名: |
模拟量控制系统
|
|
| 作者: | 张丽香 , 王琦 编著 | |
| 分册: | ||
| 出版信息: | 北京 中国电力出版社 2006.04 |
|
| 页数: | 204页 | |
| 开本: | 26cm | |
| 丛书名: | 大型火电机组控制技术丛书 | |
| 单 册: | ||
| 中图分类: | TM621.6 | |
| 科图分类: | ||
| 主题词: | 火电厂--huo dian chang--控制系统 | |
| 电子资源: | ||
| ISBN: | 7-5083-4038-8 | |
| 000 | 01113nam 2200265 450 | |
| 001 | 012006612847 | |
| 005 | 20060904155122.56 | |
| 010 | @a7-5083-4038-8@dCNY21.00 | |
| 100 | @a20060610d2006 km y0chiy0120 ea | |
| 101 | 0 | @achi |
| 102 | @aCN@b110000 | |
| 105 | @aa a 000yy | |
| 200 | 1 | @a模拟量控制系统@Amo ni liang kong zhi xi tong@f张丽香, 王琦编著@Fzhang li xiang,wang qi bian zhu |
| 210 | @a北京@c中国电力出版社@d2006.04 | |
| 215 | @a204页@c图@d26cm | |
| 225 | 2 | @a大型火电机组控制技术丛书@Ada xing huo dian ji zu kong zhi ji shu cong shu |
| 320 | @a有书目(第203-204页)。 | |
| 330 | @a本书主要依据作者多年为电厂从事相关培训的经验和掌握的第一手资料编写而成,涉及到的内容均为当前较典型的各种控制系统。书中对单元机组负荷自动控制系统、燃烧过程控制系统、给水控制系统、蒸汽温度控制系统和主要辅机控制系统的结构、原理和组态特点进行了详细介绍。 | |
| 410 | 0 | @12001 @a大型火电机组控制技术丛书 |
| 606 | 0 | @a火电厂@Ahuo dian chang@x控制系统 |
| 690 | @aTM621.6@v4 | |
| 701 | 0 | @a张丽香@Azhang li xiang@4编著 |
| 701 | 0 | @a王琦@Awang qi@4编著 |
| 801 | 0 | @aCN@bQSSK@c20060904 |
| 905 | @a10447@dTM621.6@eZ137 | |
| 模拟量控制系统/张丽香, 王琦编著.-北京:中国电力出版社,2006.04 |
| 204页:图;26cm.-(大型火电机组控制技术丛书) |
| ISBN 7-5083-4038-8:CNY21.00 |
| 本书主要依据作者多年为电厂从事相关培训的经验和掌握的第一手资料编写而成,涉及到的内容均为当前较典型的各种控制系统。书中对单元机组负荷自动控制系统、燃烧过程控制系统、给水控制系统、蒸汽温度控制系统和主要辅机控制系统的结构、原理和组态特点进行了详细介绍。 |
| ● |
| 相关链接 |
|
|
|
正题名:模拟量控制系统
索取号:TM621.6/Z137
 
预约/预借
| 序号 | 登录号 | 条形码 | 馆藏地/架位号 | 状态 | 备注 |
| 1 | 584992 | 205849929 | 期刊室512/301自科库 11排1列2层/ [索取号:TM621.6/Z137] | 在馆 | |
| 2 | 584993 | 205849938 | 自科库301/301自科库 15排3列3层/ [索取号:TM621.6/Z137] | 在馆 | |
| 3 | 584994 | 205849947 | 自科库301/301自科库 15排3列3层/ [索取号:TM621.6/Z137] | 在馆 |